00437 2200169 4500001002100000005001500021008004100036035001900077041000700096082001100103090001700114100001400131245002900145260003100174300002100205650004100226INLIS00000000001681820241224115209241224||||||||| | ||| |||| || |  0010-1224016818 aid0 a635.98 a635.98 YAN b0 aYandianto00aBercocok Tanam Dalam Pot aBandungbM2S Bandungc2003 a148 hlm; 15x20cm 0aPertanian & Teknologi Yang Berkaitan